000 00409nam a2200145Ia 4500
008 230718s9999 xx 000 0 und d
041 _aEng.
082 _a820.72
_bآزا-ا
100 _aآزاد مولانا ابوالکلام
245 0 _aانسا سنت موشک کروائے ہیں
260 _aPakistan
_bسنگ میل پلی کشنتر
_cسود
300 _a607
650 _aLaw
999 _c28870
_d28870